000 01528cam a2200241 4500
001 ##L132232
008 060119n1967 000 0 eng u
035 _a(Sirsi) u132232
041 0 _aeng
050 0 4 _a333.332 $2 18
100 1 _aCooke, M. B.
245 0 0 _aLecture notes on rural valuation
260 _a[S.l.]
_bUniversity of Canterbury
_c1967
300 _a203p.
_c21cm.
505 2 _aIntroduction to value -- A concept of value -- The Land Valuation Court Act -- Farm inspection and the preparation of a report -- The Valuation of Land Act 1951 -- An example of a detailed valuation -- Farm finance -- The valuation of houses on farms -- The modal house -- The valuation of buildings -- Dpreciation -- The valuation of pastures -- The duties, responsibilities and liabilities of a valuer -- The preparation and presentation of evidence -- The Land Act 1948 -- The provisions of the Land Act -- Leasehold interests and goodwill -- Leasehold interests under section 45 of the Valuation of Land Act 1951 -- The Marginal Lands Act 1950 -- Classification of land for drainage -- Compensation -- Suburban subdivision and town planning -- The Rating Act 1925 -- Sub-urban, semi-rural or land on the margin of urban boundaries
650 2 4 _aLAND VALUATION COURT AR
650 2 4 _aVALUATION OF LAND ACT 1951
650 2 4 _aLAND ACT 1948
650 2 4 _aMARGINAL LANDS ACT 1951
650 2 4 _aRATING ACT 1925
690 _aPROPERTY-RURAL AND NATURAL ASSETS-RURAL AND NATURAL ASSET VALUATION AND APPRAISAL
942 _n0
999 _c105065
_d105065